Planned building maintenance: a guide for practitioners (Record no. 88680)

MARC details
000 -LEADER
fixed length control field 00771cam a2200241 4500
001 - CONTROL NUMBER
control field D15780
008 - FIXED-LENGTH DATA ELEMENTS--GENERAL INFORMATION
fixed length control field 090401t1980 xxu||||| |||| 00| 0 eng d
035 ## - SYSTEM CONTROL NUMBER
System control number (Sirsi) u25120
041 ## - LANGUAGE CODE
Language code of text/sound track or separate title eng
050 ## - LIBRARY OF CONGRESS CALL NUMBER
Classification number 690.24
090 ## - LOCALLY ASSIGNED LC-TYPE CALL NUMBER (OCLC); LOCAL CALL NUMBER (RLIN)
Classification number (OCLC) (R) ; Classification number, CALL (RLIN) (NR) RICS 1980/99ABC
110 ## - MAIN ENTRY--CORPORATE NAME
Corporate name or jurisdiction name as entry element Royal Institution of Chartered Surveyors
Subordinate unit Building Surveyors Division
9 (RLIN) 4964
245 ## - TITLE STATEMENT
Title Planned building maintenance: a guide for practitioners
260 ## - PUBLICATION, DISTRIBUTION, ETC.
Place of publication, distribution, etc. London
Name of publisher, distributor, etc. RICS
Date of publication, distribution, etc. 1980
300 ## - PHYSICAL DESCRIPTION
Extent 17p. ; 30cm.
350 ## - PRICE (NR) (BK AM CF MU VM SE) [OBSOLETE]
Price 1.5
490 ## - SERIES STATEMENT
Series statement Practice Note
Volume/sequential designation 4
520 ## - SUMMARY, ETC.
Summary, etc. SUPERSEDED: Replaced by Planned Building Maintenance : a Guidance Note (RICS 1990/74).
650 ## - SUBJECT ADDED ENTRY--TOPICAL TERM
Topical term or geographic name entry element BUILT ENVIRONMENT-BUILDING MAINTENANCE AND REFURBISHMENT
650 ## - SUBJECT ADDED ENTRY--TOPICAL TERM
Topical term or geographic name entry element PLANNED MAINTENANCE
942 ## - ADDED ENTRY ELEMENTS (KOHA)
Suppress in OPAC 0
948 ## - LOCAL PROCESSING INFORMATION (OCLC); SERIES PART DESIGNATOR (RLIN)
c (OCLC) 04/03/1997
Holdings
Withdrawn status Lost status Source of classification or shelving scheme Damaged status Not for loan Home library Current library Shelving location Date acquired Cost, normal purchase price Total Checkouts Full call number Barcode Date last seen Copy number Cost, replacement price Price effective from Koha item type Date last checked out
    Dewey Decimal Classification     London London RICS Boxes 14/09/1999 1.50   RICS 1980/99 30005436 06/08/2019 1 1.50 06/08/2019 Reference material  
    Dewey Decimal Classification     London London RICS Boxes 12/08/1991 1.50 1 RICS 1980/99 30005437 06/08/2019 2 1.50 06/08/2019 Book 12/02/2001
    Dewey Decimal Classification     London London RICS Boxes 28/10/1991 1.50   RICS 1980/99 30025411 06/08/2019 3 1.50 06/08/2019 Reference material